[Event "GER-ch Net qual1 U18"]
[Site "Playchess.com INT"]
[Date "2009.05.10"]
[Round "1"]
[White "Demirhan, Deniz"]
[Black "Reichel, Jonathan"]
[Result "0-1"]
[WhiteElo "1338"]
[BlackElo "1955"]
[PlyCount "50"]
[EventDate "2009.05.10"]
[EventType "swiss (blitz)"]
[EventRounds "7"]
[EventCountry "GER"]
[SourceTitle "CBM 130 Extra"]
[Source "ChessBase"]
[SourceDate "2009.07.02"]
[SourceVersion "2"]
[SourceVersionDate "2009.07.15"]
[SourceQuality "1"]

1. e3 d5 2. Nh3 c5 3. Qf3 Nf6 4. d4 Bg4 5. Qf4 e6 6. f3 Bd6 7. Qg5 Bxh3 8. gxh3 0-0 9. Rg1 g6 10. Be2 Nc6 11. f4 Ne4 12. Qg4 Nb4 13. h4 Nxc2+ 14. Kf1 Nxa1 15. h5 cxd4 16. hxg6 fxg6 17. Bd3 Qc8 18. Bxe4 Qxc1+ 19. Kf2 Qxb2+ 20. Kf1 Qc1+ 21. Kf2 Qxe3+ 22. Kf1 Rxf4+ 23. Bf3 Rxf3+ 24. Kg2 Qf2+ 25. Kh1 Qxh2# 0-1